[Event "Greek Team Championship"]
[Site "chess24.com"]
[Date "2017.07.05"]
[Round "4"]
[White "Krallis, Christos"]
[Black "Kazakos, Markos"]
[Result "1-0"]
[Board "10"]
[WhiteElo "2218"]
[WhiteCountry "GRE"]
[WhiteFideId "4298896"]
[WhiteEloChange "2"]
[BlackElo "1808"]
[BlackCountry "GRE"]
[BlackFideId "25811363"]
[BlackEloChange "-2"]

1. c4 {[%clk 1:28:49]} g6 {[%clk 1:30:53]} 2. g3 {[%clk 1:29:15]} Bg7 {[%clk
1:31:18]} 3. Bg2 {[%clk 1:29:26]} d6 {[%clk 1:31:38]} 4. Nc3 {[%clk 1:29:50]} Nf6
{[%clk 1:31:51]} 5. e4 {[%clk 1:30:13]} c5 {[%clk 1:31:49]} 6. Nge2 {[%clk
1:30:25]} Nc6 {[%clk 1:31:49]} 7. O-O {[%clk 1:30:25]} O-O {[%clk 1:31:09]} 8. d3
{[%clk 1:30:49]} Ne8 {[%clk 1:30:35]} 9. Be3 {[%clk 1:30:41]} Nd4 {[%clk
1:29:27]} 10. Rb1 {[%clk 1:30:23]} a5 {[%clk 1:26:04]} 11. f4 {[%clk 1:23:07]}
Bg4 {[%clk 1:09:05]} 12. h3 {[%clk 1:22:42]} Bxe2 {[%clk 1:08:36]} 13. Nxe2
{[%clk 1:23:03]} Nc7 {[%clk 0:57:15]} 14. Nxd4 {[%clk 1:22:34]} cxd4 {[%clk
0:55:46]} 15. Bd2 {[%clk 1:19:19]} Ne6 {[%clk 0:46:46]} 16. Qe2 {[%clk 1:12:42]}
Nc5 {[%clk 0:40:30]} 17. b3 {[%clk 1:09:58]} Qd7 {[%clk 0:29:29]} 18. e5 {[%clk
1:08:15]} dxe5 {[%clk 0:27:06]} 19. fxe5 {[%clk 1:07:42]} Qc7 {[%clk 0:22:53]}
20. Rbe1 {[%clk 1:06:27]} Ne6 {[%clk 0:20:43]} 21. h4 {[%clk 1:02:02]} Ra6 {[%clk
0:17:04]} 22. h5 {[%clk 1:00:33]} Qd7 {[%clk 0:10:34]} 23. hxg6 {[%clk 0:59:24]}
hxg6 {[%clk 0:10:11]} 24. Qg4 {[%clk 0:59:24]} Nc5 {[%clk 0:07:29]} 25. Qxd7
{[%clk 0:59:13]} Nxd7 {[%clk 0:07:54]} 26. e6 {[%clk 0:57:15]} Nc5 {[%clk
0:07:58]} 27. exf7+ {[%clk 0:56:01]} Rxf7 {[%clk 0:08:13]} 28. Bd5 {[%clk
0:55:25]} e6 {[%clk 0:08:25]} 29. Be4 {[%clk 0:55:49]} Rxf1+ {[%clk 0:07:55]} 30.
Kxf1 {[%clk 0:56:10]} Kf7 {[%clk 0:04:20]} 31. Kg2 {[%clk 0:55:50]} Bf6 {[%clk
0:02:19]} 32. Kf3 {[%clk 0:55:29]} b6 {[%clk 0:01:12]} 33. g4 {[%clk 0:54:41]}
Nd7 {[%clk 0:00:38]} 34. g5 {[%clk 0:54:43]} Bd8 {[%clk 0:00:33]} 35. Bf4 {[%clk
0:54:06]} Ra7 {[%clk 0:00:48]} 36. Rh1 {[%clk 0:52:45]} Nf8 {[%clk 0:00:40]} 37.
Rh8 {[%clk 0:49:23]} Bc7 {[%clk 0:01:00]} 38. Rh1 {[%clk 0:44:36]} Bxf4 {[%clk
0:00:38]} 39. Kxf4 {[%clk 0:45:03]} Rc7 {[%clk 0:00:35]} 40. a3 {[%clk 0:44:29]}
Rc5 {[%clk 0:00:34]} 41. b4 {[%clk 1:14:42]} axb4 {[%clk 0:30:36]} 42. axb4
{[%clk 1:15:02]} e5+ {[%clk 0:27:58]} 43. Kg4 {[%clk 1:15:26]} Rc7 {[%clk
0:26:32]} 44. Rf1+ {[%clk 1:15:08]} Kg7 {[%clk 0:22:43]} 45. Rf6 {[%clk 1:15:23]}
Rf7 {[%clk 0:21:37]} 46. Rxb6 {[%clk 1:14:57]} Rf4+ {[%clk 0:22:01]} 47. Kg3
{[%clk 1:15:19]} 1-0

[Event "Greek Team Championship"]
[Site "chess24.com"]
[Date "2017.07.05"]
[Round "4"]
[White "Papaioannou, Ioannis"]
[Black "Baldauf, Marco"]
[Result "1-0"]
[Board "1"]
[WhiteElo "2636"]
[WhiteTitle "GM"]
[WhiteCountry "GRE"]
[WhiteFideId "4201345"]
[WhiteEloChange "3"]
[BlackElo "2459"]
[BlackTitle "IM"]
[BlackCountry "GER"]
[BlackFideId "4688210"]
[BlackEloChange "-3"]

1. d4 {[%clk 1:20:52]} Nf6 {[%clk 1:30:56]} 2. Nf3 {[%clk 1:21:02]} d5 {[%clk
1:31:14]} 3. c4 {[%clk 1:21:17]} e6 {[%clk 1:31:38]} 4. g3 {[%clk 1:21:28]} Be7
{[%clk 1:31:41]} 5. Bg2 {[%clk 1:21:51]} O-O {[%clk 1:32:09]} 6. O-O {[%clk
1:22:11]} dxc4 {[%clk 1:32:36]} 7. Qc2 {[%clk 1:22:08]} b6 {[%clk 1:32:58]} 8.
Nbd2 {[%clk 1:17:03]} Bb7 {[%clk 1:26:56]} 9. Nxc4 {[%clk 1:17:21]} Be4 {[%clk
1:20:26]} 10. Qb3 {[%clk 1:14:28]} Nc6 {[%clk 0:56:33]} 11. Be3 {[%clk 1:14:24]}
Bd5 {[%clk 0:51:04]} 12. Qc3 {[%clk 1:14:07]} Qb8 {[%clk 0:47:35]} 13. a3 {[%clk
1:07:48]} a5 {[%clk 0:43:15]} 14. Rac1 {[%clk 1:06:05]} Rc8 {[%clk 0:43:03]} 15.
Ncd2 {[%clk 1:00:22]} Qb7 {[%clk 0:39:42]} 16. Qd3 {[%clk 0:55:57]} e5 {[%clk
0:32:33]} 17. dxe5 {[%clk 0:54:37]} Nxe5 {[%clk 0:32:57]} 18. Qc2 {[%clk
0:54:22]} c5 {[%clk 0:28:01]} 19. a4 {[%clk 0:50:53]} Nc6 {[%clk 0:23:13]} 20.
Rfd1 {[%clk 0:46:34]} Nb4 {[%clk 0:23:04]} 21. Qb1 {[%clk 0:46:21]} Qa6 {[%clk
0:20:08]} 22. b3 {[%clk 0:42:43]} b5 {[%clk 0:16:46]} 23. axb5 {[%clk 0:38:54]}
Qxb5 {[%clk 0:17:12]} 24. Nc4 {[%clk 0:38:24]} a4 {[%clk 0:17:33]} 25. bxa4
{[%clk 0:38:32]} Rxa4 {[%clk 0:17:43]} 26. Nfe5 {[%clk 0:38:36]} Bxg2 {[%clk
0:10:02]} 27. Kxg2 {[%clk 0:38:14]} Qb8 {[%clk 0:09:39]} 28. Bg5 {[%clk 0:37:02]}
h6 {[%clk 0:08:12]} 29. Bxf6 {[%clk 0:35:44]} Bxf6 {[%clk 0:08:38]} 30. Nd7
{[%clk 0:34:54]} Qb7+ {[%clk 0:03:45]} 31. Kg1 {[%clk 0:35:18]} Bd4 {[%clk
0:02:49]} 32. Qf5 {[%clk 0:34:32]} g6 {[%clk 0:02:31]} 33. Qh3 {[%clk 0:34:40]}
Ra6 {[%clk 0:01:47]} 34. e3 {[%clk 0:34:20]} Bg7 {[%clk 0:01:22]} 35. Nd6 {[%clk
0:34:37]} Rxd6 {[%clk 0:01:39]} 36. Rxd6 {[%clk 0:35:04]} c4 {[%clk 0:01:26]} 37.
Rb6 {[%clk 0:35:24]} Qd5 {[%clk 0:00:48]} 38. Nf6+ {[%clk 0:35:43]} 1-0

[Event "Greek Team Championship"]
[Site "chess24.com"]
[Date "2017.07.05"]
[Round "4"]
[White "Seyb, Alexander"]
[Black "Sethuraman, S.P."]
[Result "0-1"]
[Board "2"]
[WhiteElo "2425"]
[WhiteTitle "IM"]
[WhiteCountry "GER"]
[WhiteFideId "4699033"]
[WhiteEloChange "-2"]
[BlackElo "2625"]
[BlackTitle "GM"]
[BlackCountry "IND"]
[BlackFideId "5021596"]
[BlackEloChange "2"]

1. e4 {[%clk 1:30:57]} c5 {[%clk 1:29:41]} 2. Nf3 {[%clk 1:31:21]} d6 {[%clk
1:30:04]} 3. d4 {[%clk 1:31:45]} cxd4 {[%clk 1:30:26]} 4. Nxd4 {[%clk 1:32:10]}
Nf6 {[%clk 1:30:50]} 5. Nc3 {[%clk 1:32:34]} a6 {[%clk 1:31:05]} 6. Be3 {[%clk
1:32:44]} e6 {[%clk 1:31:23]} 7. f3 {[%clk 1:33:00]} b5 {[%clk 1:31:21]} 8. g4
{[%clk 1:33:01]} b4 {[%clk 1:29:25]} 9. Nce2 {[%clk 1:25:40]} h6 {[%clk 1:28:51]}
10. Qd2 {[%clk 1:11:50]} e5 {[%clk 1:29:10]} 11. Nf5 {[%clk 1:10:56]} d5 {[%clk
1:25:35]} 12. g5 {[%clk 1:10:03]} hxg5 {[%clk 1:20:25]} 13. Bxg5 {[%clk 1:10:22]}
Bxf5 {[%clk 1:17:42]} 14. exf5 {[%clk 1:10:31]} Nbd7 {[%clk 1:09:39]} 15. O-O-O
{[%clk 1:05:12]} Qb6 {[%clk 1:05:33]} 16. Kb1 {[%clk 0:50:00]} Bc5 {[%clk
1:02:09]} 17. h4 {[%clk 0:48:16]} a5 {[%clk 0:51:29]} 18. Qd3 {[%clk 0:36:55]}
Rc8 {[%clk 0:33:22]} 19. Bg2 {[%clk 0:29:50]} a4 {[%clk 0:32:43]} 20. h5 {[%clk
0:27:15]} Be7 {[%clk 0:28:29]} 21. h6 {[%clk 0:16:35]} gxh6 {[%clk 0:28:52]} 22.
Rxh6 {[%clk 0:16:54]} Rxh6 {[%clk 0:26:41]} 23. Bxh6 {[%clk 0:17:22]} d4 {[%clk
0:24:47]} 24. f4 {[%clk 0:12:20]} Ng4 {[%clk 0:23:35]} 0-1

[Event "Greek Team Championship"]
[Site "chess24.com"]
[Date "2017.07.05"]
[Round "4"]
[White "Saric, Ivan"]
[Black "Xylogiannopoulos, Antonios"]
[Result "1-0"]
[Board "3"]
[WhiteElo "2616"]
[WhiteTitle "GM"]
[WhiteCountry "CRO"]
[WhiteFideId "14508150"]
[WhiteEloChange "1"]
[BlackElo "2265"]
[BlackCountry "GRE"]
[BlackFideId "4215133"]
[BlackEloChange "-2"]

1. e4 {[%clk 1:30:58]} d5 {[%clk 1:30:43]} 2. exd5 {[%clk 1:31:24]} Qxd5 {[%clk
1:31:04]} 3. Nc3 {[%clk 1:31:51]} Qd6 {[%clk 1:31:21]} 4. d4 {[%clk 1:32:16]} Nf6
{[%clk 1:31:29]} 5. Nf3 {[%clk 1:32:41]} c6 {[%clk 1:31:50]} 6. Be3 {[%clk
1:32:43]} Bf5 {[%clk 1:26:00]} 7. Nh4 {[%clk 1:32:35]} Bg4 {[%clk 1:22:04]} 8.
Qd2 {[%clk 1:32:29]} e6 {[%clk 1:21:24]} 9. h3 {[%clk 1:32:36]} Bh5 {[%clk
1:21:24]} 10. g4 {[%clk 1:32:43]} Bg6 {[%clk 1:21:37]} 11. O-O-O {[%clk 1:31:33]}
Nbd7 {[%clk 1:14:41]} 12. Kb1 {[%clk 1:19:14]} Qc7 {[%clk 1:12:09]} 13. Nxg6
{[%clk 1:17:33]} hxg6 {[%clk 1:12:22]} 14. g5 {[%clk 1:15:48]} Nh5 {[%clk
1:05:10]} 15. Ne4 {[%clk 1:12:38]} Nb6 {[%clk 0:57:00]} 16. Be2 {[%clk 1:09:07]}
Nd5 {[%clk 0:56:04]} 17. Bxh5 {[%clk 1:07:25]} Rxh5 {[%clk 0:46:12]} 18. c4
{[%clk 1:07:52]} Nxe3 {[%clk 0:44:26]} 19. Qxe3 {[%clk 1:08:17]} Rh4 {[%clk
0:41:34]} 20. Rhe1 {[%clk 1:03:56]} Qf4 {[%clk 0:38:11]} 21. d5 {[%clk 0:50:28]}
Qxe3 {[%clk 0:36:49]} 22. Rxe3 {[%clk 0:50:54]} O-O-O {[%clk 0:32:11]} 23. d6
{[%clk 0:51:14]} c5 {[%clk 0:29:10]} 24. b4 {[%clk 0:51:41]} b6 {[%clk 0:28:15]}
25. bxc5 {[%clk 0:50:38]} bxc5 {[%clk 0:28:43]} 26. Kc2 {[%clk 0:43:04]} Kd7
{[%clk 0:27:12]} 27. f3 {[%clk 0:41:57]} Rxh3 {[%clk 0:23:28]} 28. Ra3 {[%clk
0:42:08]} Ke8 {[%clk 0:16:53]} 29. Rxa7 {[%clk 0:40:33]} Rxf3 {[%clk 0:17:15]}
30. Rh1 {[%clk 0:40:40]} Rf4 {[%clk 0:08:16]} 31. Rh8 {[%clk 0:40:57]} 1-0

[Event "Greek Team Championship"]
[Site "chess24.com"]
[Date "2017.07.05"]
[Round "4"]
[White "Mavrikakis, Georgios"]
[Black "Pavlidis, Antonios"]
[Result "1/2-1/2"]
[Board "4"]
[WhiteElo "2074"]
[WhiteCountry "GRE"]
[WhiteFideId "4211782"]
[WhiteEloChange "8"]
[BlackElo "2540"]
[BlackTitle "GM"]
[BlackCountry "GRE"]
[BlackFideId "4212312"]
[BlackEloChange "-4"]

1. e4 {[%clk 1:30:56]} c5 {[%clk 1:28:23]} 2. Nf3 {[%clk 1:31:09]} Nc6 {[%clk
1:28:23]} 3. Bb5 {[%clk 1:31:23]} Nf6 {[%clk 1:28:47]} 4. Nc3 {[%clk 1:31:33]} g6
{[%clk 1:28:22]} 5. e5 {[%clk 1:31:15]} Ng4 {[%clk 1:28:47]} 6. Bxc6 {[%clk
1:31:15]} dxc6 {[%clk 1:29:12]} 7. O-O {[%clk 1:31:19]} Bg7 {[%clk 1:29:27]} 8.
Re1 {[%clk 1:31:38]} O-O {[%clk 1:29:34]} 9. d3 {[%clk 1:31:51]} Nh6 {[%clk
1:29:11]} 10. Bf4 {[%clk 1:30:03]} Bg4 {[%clk 1:27:24]} 11. Ne4 {[%clk 1:21:21]}
b6 {[%clk 1:26:51]} 12. h3 {[%clk 1:16:57]} Bxf3 {[%clk 1:27:08]} 13. Qxf3 {[%clk
1:17:21]} Nf5 {[%clk 1:26:42]} 14. c3 {[%clk 1:16:38]} f6 {[%clk 1:21:50]} 15.
exf6 {[%clk 1:10:20]} exf6 {[%clk 1:21:27]} 16. Ng3 {[%clk 1:06:18]} Ne7 {[%clk
1:05:45]} 17. c4 {[%clk 1:05:40]} Qd7 {[%clk 1:04:22]} 18. Qe2 {[%clk 0:53:36]}
Kf7 {[%clk 1:00:09]} 19. Rad1 {[%clk 0:36:28]} Rae8 {[%clk 0:49:48]} 20. Qf3
{[%clk 0:31:31]} Nc8 {[%clk 0:44:04]} 21. h4 {[%clk 0:30:19]} f5 {[%clk 0:40:25]}
22. b3 {[%clk 0:28:56]} Re6 {[%clk 0:40:26]} 23. Rxe6 {[%clk 0:28:12]} Qxe6
{[%clk 0:40:52]} 24. Rd2 {[%clk 0:26:41]} Re8 {[%clk 0:39:57]} 25. Re2 {[%clk
0:26:49]} Qd7 {[%clk 0:40:08]} 26. Rxe8 {[%clk 0:24:29]} Qxe8 {[%clk 0:40:33]}
27. Qe3 {[%clk 0:23:59]} Qe6 {[%clk 0:39:50]} 28. h5 {[%clk 0:21:44]} Bd4 {[%clk
0:39:33]} 29. Qxe6+ {[%clk 0:21:31]} Kxe6 {[%clk 0:40:01]} 30. hxg6 {[%clk
0:21:20]} hxg6 {[%clk 0:40:28]} 31. Ne2 {[%clk 0:17:24]} Be5 {[%clk 0:40:09]}
1/2-1/2

[Event "Greek Team Championship"]
[Site "chess24.com"]
[Date "2017.07.05"]
[Round "4"]
[White "Tsolakidou, Stavroula"]
[Black "Fragkou, Eleni"]
[Result "1-0"]
[Board "5"]
[WhiteElo "2359"]
[WhiteTitle "WGM"]
[WhiteCountry "GRE"]
[WhiteFideId "4264312"]
[WhiteEloChange "2"]
[BlackElo "1974"]
[BlackCountry "GRE"]
[BlackFideId "4221150"]
[BlackEloChange "-2"]

1. d4 {[%clk 1:30:57]} Nf6 {[%clk 1:30:41]} 2. Nf3 {[%clk 1:31:16]} g6 {[%clk
1:30:48]} 3. Bg5 {[%clk 1:31:30]} Bg7 {[%clk 1:31:07]} 4. Nbd2 {[%clk 1:31:45]}
O-O {[%clk 1:30:01]} 5. e3 {[%clk 1:31:51]} d6 {[%clk 1:28:12]} 6. Bc4 {[%clk
1:31:59]} Nbd7 {[%clk 1:27:47]} 7. O-O {[%clk 1:30:27]} c6 {[%clk 1:27:26]} 8.
Re1 {[%clk 1:29:37]} h6 {[%clk 1:27:06]} 9. Bh4 {[%clk 1:29:05]} Qc7 {[%clk
1:17:51]} 10. Bf1 {[%clk 1:27:31]} Re8 {[%clk 1:07:58]} 11. e4 {[%clk 1:24:44]}
e5 {[%clk 1:03:52]} 12. c3 {[%clk 1:21:08]} b6 {[%clk 0:54:14]} 13. Nc4 {[%clk
1:06:52]} exd4 {[%clk 0:42:47]} 14. Bg3 {[%clk 1:06:33]} Ne5 {[%clk 0:30:48]} 15.
Nfxe5 {[%clk 0:40:21]} dxe5 {[%clk 0:30:57]} 16. cxd4 {[%clk 0:40:30]} Nd7 {[%clk
0:30:50]} 17. d5 {[%clk 0:37:08]} c5 {[%clk 0:16:53]} 18. a4 {[%clk 0:34:03]} Bb7
{[%clk 0:15:42]} 19. Rc1 {[%clk 0:27:41]} Nb8 {[%clk 0:11:53]} 20. Qd2 {[%clk
0:23:36]} Ba6 {[%clk 0:09:18]} 21. b4 {[%clk 0:12:17]} Bxc4 {[%clk 0:05:33]} 22.
Bxc4 {[%clk 0:12:42]} Bf8 {[%clk 0:05:42]} 23. bxc5 {[%clk 0:12:19]} bxc5 {[%clk
0:05:42]} 24. d6 {[%clk 0:10:13]} Qxd6 {[%clk 0:05:16]} 25. Qxd6 {[%clk 0:09:12]}
Bxd6 {[%clk 0:05:41]} 26. Bd5 {[%clk 0:09:11]} Na6 {[%clk 0:06:03]} 27. Bxa8
{[%clk 0:09:34]} Rxa8 {[%clk 0:06:28]} 28. Red1 {[%clk 0:09:54]} Bc7 {[%clk
0:05:52]} 29. Rd5 {[%clk 0:07:30]} Re8 {[%clk 0:04:37]} 30. Kf1 {[%clk 0:07:15]}
Kg7 {[%clk 0:03:21]} 31. f3 {[%clk 0:07:26]} Re6 {[%clk 0:01:47]} 32. Rb1 {[%clk
0:05:00]} Kf6 {[%clk 0:01:11]} 33. Rb7 {[%clk 0:03:40]} c4 {[%clk 0:01:36]} 34.
Be1 {[%clk 0:03:48]} Bb6 {[%clk 0:00:51]} 35. Rdd7 {[%clk 0:03:46]} Nc5 {[%clk
0:00:50]} 36. Rxf7+ {[%clk 0:04:12]} Kg5 {[%clk 0:01:14]} 37. h4+ {[%clk
0:04:39]} 1-0

[Event "Greek Team Championship"]
[Site "chess24.com"]
[Date "2017.07.05"]
[Round "4"]
[White "Konidari, Sofia"]
[Black "Kafetzi, Angeliki"]
[Result "0-1"]
[Board "6"]
[WhiteElo "1202"]
[WhiteCountry "GRE"]
[WhiteFideId "4265785"]
[WhiteEloChange "-2"]
[BlackElo "1793"]
[BlackCountry "GRE"]
[BlackFideId "4238419"]
[BlackEloChange "2"]

1. d4 {[%clk 1:30:57]} Nf6 {[%clk 1:30:35]} 2. Nf3 {[%clk 1:31:20]} e6 {[%clk
1:30:41]} 3. e3 {[%clk 1:31:16]} b6 {[%clk 1:30:16]} 4. Nbd2 {[%clk 1:28:29]} Bb7
{[%clk 1:30:07]} 5. Bd3 {[%clk 1:28:39]} d5 {[%clk 1:30:03]} 6. c3 {[%clk
1:28:12]} c5 {[%clk 1:26:41]} 7. O-O {[%clk 1:25:34]} Be7 {[%clk 1:21:09]} 8. Re1
{[%clk 1:24:24]} Nc6 {[%clk 1:17:23]} 9. e4 {[%clk 1:19:57]} dxe4 {[%clk
1:14:25]} 10. Nxe4 {[%clk 1:19:36]} cxd4 {[%clk 1:09:12]} 11. Nxd4 {[%clk
1:15:24]} Nxd4 {[%clk 1:08:04]} 12. cxd4 {[%clk 1:15:35]} O-O {[%clk 0:53:46]}
13. Bc2 {[%clk 1:11:58]} Rc8 {[%clk 0:48:31]} 14. Nc3 {[%clk 1:04:21]} Qd7 {[%clk
0:41:27]} 15. Qd3 {[%clk 1:00:57]} Rfd8 {[%clk 0:38:56]} 16. Rd1 {[%clk 0:58:33]}
Qc6 {[%clk 0:32:35]} 17. f3 {[%clk 0:41:44]} e5 {[%clk 0:26:44]} 18. Qe2 {[%clk
0:36:15]} exd4 {[%clk 0:24:23]} 19. Qxe7 {[%clk 0:33:43]} Re8 {[%clk 0:23:54]}
20. Qb4 {[%clk 0:33:20]} dxc3 {[%clk 0:22:46]} 21. Ba4 {[%clk 0:33:05]} b5 {[%clk
0:19:48]} 22. Bxb5 {[%clk 0:29:30]} Qb6+ {[%clk 0:19:35]} 23. Qd4 {[%clk
0:20:29]} Red8 {[%clk 0:17:13]} 24. Qxb6 {[%clk 0:20:29]} Rxd1+ {[%clk 0:17:20]}
25. Kf2 {[%clk 0:18:27]} axb6 {[%clk 0:17:42]} 26. bxc3 {[%clk 0:16:08]} Rxc3
{[%clk 0:17:43]} 27. Bb2 {[%clk 0:14:51]} Rd2+ {[%clk 0:17:23]} 28. Be2 {[%clk
0:14:29]} Rxb2 {[%clk 0:17:37]} 29. Rd1 {[%clk 0:14:51]} g6 {[%clk 0:17:29]} 0-1

[Event "Greek Team Championship"]
[Site "chess24.com"]
[Date "2017.07.05"]
[Round "4"]
[White "Tsivelekidou, Evgenia"]
[Black "Kouta, Antonia"]
[Result "1/2-1/2"]
[Board "7"]
[WhiteElo "1847"]
[WhiteCountry "GRE"]
[WhiteFideId "4274830"]
[WhiteEloChange "-4"]
[BlackElo "1719"]
[BlackCountry "GRE"]
[BlackFideId "4277112"]
[BlackEloChange "4"]

1. d4 {[%clk 1:30:58]} d5 {[%clk 1:30:52]} 2. c4 {[%clk 1:31:23]} e6 {[%clk
1:31:18]} 3. Nf3 {[%clk 1:31:48]} Nf6 {[%clk 1:31:44]} 4. g3 {[%clk 1:32:14]}
dxc4 {[%clk 1:31:57]} 5. Qa4+ {[%clk 1:32:33]} Bd7 {[%clk 1:32:21]} 6. Qxc4
{[%clk 1:32:57]} Bc6 {[%clk 1:32:45]} 7. Bg2 {[%clk 1:32:59]} Bd5 {[%clk
1:32:32]} 8. Qd3 {[%clk 1:32:27]} Be4 {[%clk 1:29:16]} 9. Qd1 {[%clk 1:24:41]} c5
{[%clk 1:27:25]} 10. Nc3 {[%clk 1:21:53]} Bc6 {[%clk 1:25:41]} 11. O-O {[%clk
1:21:19]} Nbd7 {[%clk 1:22:21]} 12. a3 {[%clk 1:14:51]} a5 {[%clk 1:11:22]} 13.
Re1 {[%clk 1:10:07]} Ne4 {[%clk 0:59:01]} 14. Nxe4 {[%clk 0:56:34]} Bxe4 {[%clk
0:59:21]} 15. Bd2 {[%clk 0:54:44]} Be7 {[%clk 0:48:26]} 16. Bc3 {[%clk 0:49:43]}
Bf6 {[%clk 0:46:25]} 17. Rc1 {[%clk 0:47:23]} b6 {[%clk 0:33:11]} 18. Qa4 {[%clk
0:35:35]} cxd4 {[%clk 0:18:11]} 19. Bxd4 {[%clk 0:28:09]} Bxd4 {[%clk 0:15:10]}
20. Qxd4 {[%clk 0:19:04]} Nf6 {[%clk 0:13:19]} 21. Qa4+ {[%clk 0:17:08]} Qd7
{[%clk 0:12:27]} 22. Qb3 {[%clk 0:13:22]} O-O {[%clk 0:10:58]} 23. Ne5 {[%clk
0:11:10]} Qb7 {[%clk 0:09:38]} 24. Bxe4 {[%clk 0:10:56]} Nxe4 {[%clk 0:07:08]}
25. Nf3 {[%clk 0:08:18]} Rac8 {[%clk 0:06:28]} 26. Red1 {[%clk 0:07:35]} Rfd8
{[%clk 0:05:40]} 27. Qb5 {[%clk 0:06:07]} h6 {[%clk 0:02:42]} 28. Qe5 {[%clk
0:02:42]} Nf6 {[%clk 0:01:37]} 29. h3 {[%clk 0:01:35]} Nd5 {[%clk 0:01:10]} 30.
Rxc8 {[%clk 0:01:08]} Qxc8 {[%clk 0:01:17]} 1/2-1/2

[Event "Greek Team Championship"]
[Site "chess24.com"]
[Date "2017.07.05"]
[Round "4"]
[White "Spyropoulos, Nikolaos"]
[Black "Zisiadis, Dimitrios"]
[Result "1/2-1/2"]
[Board "8"]
[WhiteElo "2229"]
[WhiteCountry "GRE"]
[WhiteFideId "4298977"]
[WhiteEloChange "-4"]
[BlackElo "2071"]
[BlackCountry "GRE"]
[BlackFideId "4262921"]
[BlackEloChange "4"]

1. e4 {[%clk 1:30:58]} c5 {[%clk 1:30:41]} 2. Nf3 {[%clk 1:31:19]} g6 {[%clk
1:30:44]} 3. d4 {[%clk 1:31:42]} cxd4 {[%clk 1:31:01]} 4. Nxd4 {[%clk 1:32:06]}
Bg7 {[%clk 1:31:26]} 5. c4 {[%clk 1:32:18]} Nc6 {[%clk 1:31:37]} 6. Be3 {[%clk
1:32:37]} Nf6 {[%clk 1:31:17]} 7. Nc3 {[%clk 1:32:59]} Ng4 {[%clk 1:31:28]} 8.
Qxg4 {[%clk 1:32:54]} Nxd4 {[%clk 1:31:51]} 9. Qd1 {[%clk 1:33:05]} Ne6 {[%clk
1:32:12]} 10. Rc1 {[%clk 1:32:16]} Qa5 {[%clk 1:32:09]} 11. Qd2 {[%clk 1:24:43]}
b6 {[%clk 1:30:52]} 12. Be2 {[%clk 1:23:13]} Bb7 {[%clk 1:31:13]} 13. f3 {[%clk
1:21:28]} g5 {[%clk 1:29:47]} 14. b3 {[%clk 1:09:01]} Qe5 {[%clk 1:29:01]} 15.
O-O {[%clk 0:59:45]} h5 {[%clk 1:25:57]} 16. Nb5 {[%clk 0:48:47]} Bc6 {[%clk
1:10:23]} 17. Rcd1 {[%clk 0:43:02]} Bxb5 {[%clk 0:57:06]} 18. cxb5 {[%clk
0:43:26]} d6 {[%clk 0:53:17]} 19. Bc4 {[%clk 0:41:45]} Bf6 {[%clk 0:49:19]} 20.
Bd5 {[%clk 0:34:33]} Rc8 {[%clk 0:47:29]} 21. Bc6+ {[%clk 0:32:35]} Kf8 {[%clk
0:47:54]} 22. Qf2 {[%clk 0:27:46]} Rg8 {[%clk 0:38:50]} 23. Rd5 {[%clk 0:23:00]}
Qb2 {[%clk 0:37:16]} 24. Qxb2 {[%clk 0:15:57]} Bxb2 {[%clk 0:37:38]} 25. Rf2
{[%clk 0:06:42]} Be5 {[%clk 0:37:04]} 26. g3 {[%clk 0:06:30]} h4 {[%clk 0:34:49]}
27. Rg2 {[%clk 0:03:28]} h3 {[%clk 0:20:52]} 28. Rc2 {[%clk 0:02:24]} Nf4 {[%clk
0:05:47]} 29. Rdd2 {[%clk 0:02:06]} Ng2 {[%clk 0:03:34]} 30. Bf2 {[%clk 0:01:57]}
Rg6 {[%clk 0:00:42]} 31. Bd5 {[%clk 0:00:38]} Rxc2 {[%clk 0:00:51]} 32. Rxc2
{[%clk 0:01:05]} Rf6 {[%clk 0:01:09]} 33. Bc4 {[%clk 0:00:34]} Rxf3 {[%clk
0:01:04]} 34. Bf1 {[%clk 0:00:37]} Ne3 {[%clk 0:00:33]} 35. Rc8+ {[%clk 0:00:46]}
Kg7 {[%clk 0:00:57]} 36. Be2 {[%clk 0:01:06]} Rxf2 {[%clk 0:00:40]} 37. Kxf2
{[%clk 0:01:33]} Bd4 {[%clk 0:00:46]} 38. Bf1 {[%clk 0:00:34]} g4 {[%clk
0:00:33]} 39. Bd3 {[%clk 0:00:33]} Ng2+ {[%clk 0:00:32]} 40. Kf1 {[%clk 0:30:35]}
Ne3+ {[%clk 0:30:36]} 41. Ke1 {[%clk 0:22:13]} Ng2+ {[%clk 0:30:37]} 42. Kd2
{[%clk 0:21:01]} Be3+ {[%clk 0:30:19]} 43. Kc3 {[%clk 0:17:35]} Ne1 {[%clk
0:25:02]} 44. Be2 {[%clk 0:17:03]} Nf3 {[%clk 0:24:28]} 45. Bxf3 {[%clk 0:15:16]}
gxf3 {[%clk 0:24:28]} 46. Kd3 {[%clk 0:15:31]} Bg1 {[%clk 0:25:04]} 47. Rc1
{[%clk 0:14:06]} f2 {[%clk 0:21:45]} 48. Ke2 {[%clk 0:12:48]} Kf6 {[%clk
0:22:10]} 49. Rc7 {[%clk 0:12:04]} e6 {[%clk 0:20:59]} 50. Rxa7 {[%clk 0:09:36]}
d5 {[%clk 0:19:46]} 51. exd5 {[%clk 0:08:22]} exd5 {[%clk 0:20:10]} 52. Rb7
{[%clk 0:01:24]} d4 {[%clk 0:17:53]} 53. Rxb6+ {[%clk 0:01:14]} Ke7 {[%clk
0:17:44]} 54. Rb7+ {[%clk 0:01:13]} Ke6 {[%clk 0:17:08]} 55. Rb6+ {[%clk
0:01:28]} Ke7 {[%clk 0:17:32]} 56. Rb7+ {[%clk 0:01:21]} 1/2-1/2

[Event "Greek Team Championship"]
[Site "chess24.com"]
[Date "2017.07.05"]
[Round "4"]
[White "Ioannidis, Evgenios"]
[Black "Goutis, Panagiotis"]
[Result "1-0"]
[Board "9"]
[WhiteElo "2388"]
[WhiteTitle "FM"]
[WhiteCountry "GRE"]
[WhiteFideId "4229274"]
[WhiteEloChange "2"]
[BlackElo "1522"]
[BlackCountry "GRE"]
[BlackFideId "25801350"]
[BlackEloChange "-2"]

1. e4 {[%clk 1:29:43]} c5 {[%clk 1:30:58]} 2. Nf3 {[%clk 1:30:06]} d6 {[%clk
1:31:25]} 3. d4 {[%clk 1:30:28]} Nf6 {[%clk 1:31:49]} 4. Nc3 {[%clk 1:30:53]}
cxd4 {[%clk 1:32:16]} 5. Nxd4 {[%clk 1:31:15]} g6 {[%clk 1:32:43]} 6. Be3 {[%clk
1:31:32]} Bg7 {[%clk 1:33:08]} 7. f3 {[%clk 1:31:54]} a6 {[%clk 1:33:36]} 8. Qd2
{[%clk 1:31:42]} h5 {[%clk 1:34:00]} 9. Be2 {[%clk 1:31:02]} b5 {[%clk 1:33:46]}
10. a4 {[%clk 1:29:49]} b4 {[%clk 1:04:49]} 11. Na2 {[%clk 1:29:53]} e5 {[%clk
0:50:08]} 12. Nb3 {[%clk 1:27:10]} d5 {[%clk 0:49:55]} 13. Nxb4 {[%clk 1:05:18]}
dxe4 {[%clk 0:32:32]} 14. Qxd8+ {[%clk 1:05:25]} Kxd8 {[%clk 0:32:51]} 15. Rd1+
{[%clk 0:56:13]} Kc7 {[%clk 0:26:46]} 16. fxe4 {[%clk 0:56:33]} Bb7 {[%clk
0:23:49]} 17. Nd5+ {[%clk 0:50:59]} Nxd5 {[%clk 0:22:13]} 18. exd5 {[%clk
0:51:24]} Nd7 {[%clk 0:16:33]} 19. O-O {[%clk 0:42:32]} f5 {[%clk 0:16:20]} 20.
c4 {[%clk 0:41:21]} Rad8 {[%clk 0:13:12]} 21. c5 {[%clk 0:40:18]} Nb8 {[%clk
0:12:17]} 22. c6 {[%clk 0:39:24]} Bxc6 {[%clk 0:12:16]} 23. dxc6 {[%clk 0:39:42]}
Kxc6 {[%clk 0:12:12]} 24. Na5+ {[%clk 0:29:49]} Kc7 {[%clk 0:12:17]} 25. Rc1+
{[%clk 0:30:13]} Kd7 {[%clk 0:12:19]} 26. Bg5 {[%clk 0:30:40]} Rc8 {[%clk
0:05:48]} 27. Rfd1+ {[%clk 0:30:59]} Ke6 {[%clk 0:05:43]} 28. Bc4+ {[%clk
0:31:12]} Rxc4 {[%clk 0:05:27]} 29. Rxc4 {[%clk 0:29:52]} 1-0